000 00784nam a2200301Ia 4500
001 Z_4740
003 CHAP
008 220113s1979 xx 000 0 und d
010 _a167789
040 _cCHAP
082 _a636.08 B37y
100 _aBarrett, Mike A
_910470
245 _aProdución lechera y de carne de res en los trópicos /
_cpor Mike A Barrett y P. J. Larkin
260 _aMéxico, D. F. :
_bDiana,
_c1979
300 _a301 p.
440 _a
500 _aTrad. Milk and beef
503 _a
650 _aCarne de res
_xProducción I. Larkin, P. J.
_9142065
650 _aGanadería
_xTrópicos
_944856
650 _aLeche
_xProducción
_965400
901 _a636.08 B37y
902 _aA
910 _a1979
942 _c1
942 _cc1
999 _c167789
_d167789